Radiation, phase change heat transfer, and thermal systems /

Bibliographic Details
Corporate Authors: American Society of Mechanical Engineers. Winter Annual Meeting, American Society of Mechanical Engineers. Heat Transfer Division. General Papers Committee
Other Authors: Jaluria, Yogesh
Format: Book
Language:English
Published: New York, N.Y. (345 E. 47th St., New York 10017) : American Society of Mechanical Engineers, [1987]
Series:HTD (Series) ; vol. 81.
Subjects:

MARC

Tag First Indicator Second Indicator Subfields
LEADER 00000cam a2200000 a 4500
001 in00000014681
005 20151007052253.0
008 880212s1987 nyua b 10010 eng d
010 |a  87072218  
035 |a (OCoLC)17468359 
035 |9 AAA7055AM 
040 |a PSE  |c PSE  |d IXA  |d TXA  |d UtOrBLW 
049 |a TXAM  |c [A12621584] 
050 4 |a QC320  |b .A533 1987 
110 2 |a American Society of Mechanical Engineers.  |b Winter Annual Meeting  |d (1987 :  |c Boston, Mass.) 
245 1 0 |a Radiation, phase change heat transfer, and thermal systems /  |c presented at the Winter Annual Meeting of the American Society of Mechanical Engineers, Boston, Massachusetts, December 13-18, 1987 ; sponsored by the General Papers Committee, the Heat Transfer Division, ASME ; edited by Y. Jaluria [and others]. 
264 1 |a New York, N.Y. (345 E. 47th St., New York 10017) :  |b American Society of Mechanical Engineers,  |c [1987] 
264 4 |c ©1987 
300 |a v, 134 pages :  |b illustrations ;  |c 28 cm. 
336 |a text  |b txt  |2 rdacontent 
337 |a unmediated  |b n  |2 rdamedia 
338 |a volume  |b nc  |2 rdacarrier 
490 1 |a HTD ;  |v vol. 81 
504 |a Includes bibliographies. 
500 |a "G00391"--P. [4] of cover. 
650 0 |a Heat  |x Radiation and absorption  |x Congresses. 
650 0 |a Heat  |x Transmission  |v Congresses. 
650 0 |a Heat exchangers  |v Congresses. 
700 1 |a Jaluria, Yogesh. 
710 2 |a American Society of Mechanical Engineers.  |b Heat Transfer Division.  |b General Papers Committee. 
830 0 |a HTD (Series) ;  |v vol. 81. 
999 |a MARS 
999 f f |s 93e9a885-83cc-372b-b511-b984e28df35d  |i 69762b6f-55d5-3cd1-9658-e2e1524fa6e6  |t 0 
952 f f |p normal  |a Texas A&M University  |b College Station  |c Sterling C. Evans Library  |d Evans: Library Stacks  |t 0  |e QC320 .A533 1987  |h Library of Congress classification  |i unmediated -- volume  |m A14812621584 
998 f f |a QC320 .A533 1987  |t 0  |l Evans: Library Stacks